Les 10 plus grandes unités urbaines de l’Aisne - Statistiques

Statistiques générales
  • Ce quiz a été pris 95 fois
  • Le résultat moyen est 6 sur 10
Statistiques - réponses
Réponse Population Communes % Correct
Laon 29 537 3
99%
Saint-Quentin 65 501 6
96%
Soissons 42 602 8
91%
Château-Thierry 21 051 6
82%
Chauny 17 719 6
61%
Tergnier 22 906 7
60%
Hirson 10 228 2
58%
Villers-Cotterêts 10 669 1
52%
Bohain-en-Vermandois 5 841 1
24%
Charly-sur-Marne 7 023 5
14%
Aucun quiz correspondant
Distribution des résultats
% des personnes avec chaque résultat
Percentile par nombre de réponses
Votre historique - résultats
Vous n’avez pas pris ce quiz